000 03634cam a2200301 4500500
005 20251228053005.0
041 _afre
042 _adc
100 1 0 _aCharmes, Éric
_eauthor
245 0 0 _aLe retour à la rue comme support de la gentrification
260 _c2005.
500 _a28
520 _aRésuméLa rue est l’une des formes urbaines les plus emblématiques de la rupture avec le modernisme. Pourtant, les conséquences du « retour à la rue » ont rarement été analysées. Cet article montre qu’il est au cœur du système de sens et de valeurs qui a accompagné la gentrification des quartiers anciens populaires. Le retour à la rue présente deux volets : la convivialité et le mélange social des quartiers populaires traditionnels, et le rôle structurant de la trame viaire dans le paysage urbain traditionnel. Le volet social s’appuie sur des arguments très similaires à ceux mobilisés par les gentrifieurs pour valoriser l’ambiance de leur quartier et pour y justifier leur présence. Le volet paysager a été au cœur de la revalorisation de l’image des quartiers anciens populaires et a accompagné diverses politiques de réhabilitation.
520 _aThis paper is inspired by the concept of “landscapes of power” coined by Sharon Zukin. She contends that the policies aimed at preserving or enhancing the urban landscape may foster social transformations. Changes in the appearance of a landscape, or in the way people look at it, may cause or at least contribute to changes in the population. This is illustrated with landscape regulations that have taken shape in Paris following the so-called “return of the street”, which Jane Jacobs most contributed to promote. As elaborated in Paris in the 1970s, those policies followed two objectives: protecting the Parisian traditional landscape, and maintaining the life and atmosphere of popular neighbourhoods. Thirty years later, it appears that the “return of the street” has fostered the gentrification process of many popular neighbourhoods, and the eviction of the population whose presence once seemed so attractive.
520 _aResumenLa calle es una de las formas urbanas mas emblemáticas de la ruptura con el modernismo. Sin embargo las consecuencias del « retorno a la calle » han sido raramente analizadas. Este artículo muestra que la valorización de la calle es el centro del sistéma de valores y de sentido que ha acompañado el « emburgesiamento » de los barrios antiguamente modestos. El retorno de la calle presenta en efecto dos aspectos: el primero pone el acento en la convivialidad y la mezcla social en los barrios populares tradicionales, el segundo subraya el papel estructurante de la red vial en el paisaje urbano tradicional. Sin embargo el primero se apoya en argumentos muy similares a los utilizados, para realzar su valor económico, por los que remozan esos barrios y para justificar esa renovación. El segundo, de indole paisajistica, es un pretexto esencial en la revalorización de la imagen de los antiguos barrios y es inherente a todas las políticas de rehabilitación.
690 _aespace public
690 _agentrification
690 _apaysage urbain
690 _aretour à la rue
690 _arue
690 _a“return of the street”
690 _agentrification
690 _apublic space
690 _astreet
690 _aurban landscape
786 0 _nEspaces et sociétés | 122 | 3 | 2005-12-01 | p. 115-135 | 0014-0481
856 4 1 _uhttps://shs.cairn.info/revue-espaces-et-societes-2005-3-page-115?lang=fr&redirect-ssocas=7080
999 _c1584917
_d1584917